| 000 | 00347nam a22001457a 4500 | ||
|---|---|---|---|
| 008 | 230706b ||||| |||| 00| 0 eng d | ||
| 020 | _a9781285061573 | ||
| 041 | _aeng | ||
| 080 |
_2SEVENTH EDITION _a51 |
||
| 082 | _a51ZAK | ||
| 100 | _a23 | ||
| 101 | _aMATE | ||
| 245 |
_aAN INTRODUCTION TO PROGRAMMING WITH C++ _cZAK DIANE |
||
| 942 |
_2udc _cBK |
||
| 999 |
_c60100 _d60100 |
||